Culture Générale - Série 1623 - Statistiques

Statistiques générales
  • Ce quiz a été pris 100 fois
  • Le résultat moyen est 4 sur 10
Statistiques - réponses
Question Réponse % Correct
Dans la mythologie grecque, de quel animal le Minotaure a-t-il la tête ? taureau
90%
Quel était l'instrument de musique de prédilection de Boris Vian ? trompette
65%
En quelle année les troupes américaines se retirent-elles du Vietnam ? 1973
59%
Sous quel nom connaît-on mieux le personnage de roman Joseph Joséphin, créé par Gaston Leroux ? Rouletabille
52%
En 1854, contre quel pays la France remporte-t-elle, avec les Anglais, la bataille de l'Alma ? Russie
48%
Quelle déesse romaine est assimilé à la déesse grecque Héra ? Junon
41%
Dans le roman de Jules Verne, quel est le nom du domestique qui accompagne Phileas Fogg dans son tour du monde en 80 jours ? Passepartout
30%
François Weyergans a reçu le prix Goncourt 2005 pour son livre "Trois jours chez... ma mère
25%
À quel écrivain doit-on “Le Silence de la mer” ? Vercors
24%
Dans "La Flûte enchantée" de Mozart, comment s'appelle la dulcinée de Papageno ? Papagena
10%
Aucun quiz correspondant
Distribution des résultats
% des personnes avec chaque résultat
Percentile par nombre de réponses
Votre historique - résultats
Vous n’avez pas pris ce quiz